| 000 | 01677nam a2200469 i 4500 | ||
|---|---|---|---|
| 001 | 32736 | ||
| 003 | KOSZ 005 | ||
| 005 | 20200217120434.0 | ||
| 008 | 980508s1998 pl a f f |001 0 pol | ||
| 015 | _aPB 1998/4916 | ||
| 020 | _a8320422728 | ||
| 035 | _a(PL-WaBN)b10957170-48omnis_nlop | ||
| 035 | _ab10957170 | ||
| 035 | _a(OCoLC)749319260 | ||
| 035 | _a(PL)b0000001095717 | ||
| 040 |
_aWA N _cWA N _dKOSZ 005/HR |
||
| 041 | 1 |
_apol _heng |
|
| 080 | _a004.021:510.2 | ||
| 080 | _a(075.8) | ||
| 100 | 1 |
_aGoldberg, David E. _d(1953- ). _eAutor |
|
| 245 | 1 | 0 |
_aAlgorytmy genetyczne i ich zastosowania / _cDavid E. Goldberg ; z ang. przeł. Kazimierz Grygiel. |
| 246 | 1 |
_iTyt. oryg.: _aGenetic algorithms in search, optimization and machine learning |
|
| 250 | _aWyd. 2. | ||
| 260 |
_aWarszawa : _bWydawnictwa Naukowo-Techniczne, _ccop. 1998. |
||
| 300 |
_a408 s. : _bfot., rys., wykr. ; _c24 cm. |
||
| 336 |
_2rdacontent _aTekst _btxt |
||
| 337 |
_2rdamedia _aBez urządzenia pośredniczącego _bn |
||
| 338 |
_2rdacarrier _aWolumin _bnc |
||
| 380 | _aKsiążki | ||
| 380 | _aPublikacje dydaktyczne | ||
| 385 |
_mPoziom nauczania _aSzkoły wyższe |
||
| 388 | _a1901-200 | ||
| 504 | _aBibliogr. s. 383-403. - Indeksy. | ||
| 658 | _aInformatyka i technologie informacyjne | ||
| 655 | 7 |
_aPodręczniki akademickie _2DBN |
|
| 650 | 7 |
_aAlgorytmy genetyczne _2DBN |
|
| 700 | 1 |
_aGrygiel, Kazimierz. _eTłumaczenie |
|
| 710 | 2 |
_aWydawnictwa Naukowo-Techniczne _4pbl |
|
| 856 |
_uhttp://koha.tu.koszalin.pl/cgi-bin/koha/opac-detail.pl?biblionumber=32736 _yKatalog online BPK |
||
| 942 |
_2UKD _cKS |
||
| 999 |
_c32736 _d32736 |
||